Social problems in India : (Record no. 129739)

MARC details
000 -LEADER
fixed length control field 00752nam a22002297a 4500
005 - DATE AND TIME OF LATEST TRANSACTION
control field 20170124110101.0
010 ## - LIBRARY OF CONGRESS CONTROL NUMBER
LC control number A-792680
020 ## - INTERNATIONAL STANDARD BOOK NUMBER
Terms of availability 00.00
International Standard Book Number 818603000X
035 ## - SYSTEM CONTROL NUMBER
System control number A-792680
037 ## - SOURCE OF ACQUISITION
Source of stock number/acquisition Cen Lib/Ret
040 ## - CATALOGING SOURCE
Original cataloging agency DPL
Language of cataloging EN
082 ## - DEWEY DECIMAL CLASSIFICATION NUMBER
Classification number 361.1
Item number BHA
100 ## - MAIN ENTRY--PERSONAL NAME
Personal name Bhattacharya, Sunil K.
9 (RLIN) 18563
245 ## - TITLE STATEMENT
Title Social problems in India :
Statement of responsibility, etc by Sunil K.Bhattacharya
Remainder of title issues and perspectives /
260 ## - PUBLICATION, DISTRIBUTION, ETC. (IMPRINT)
Name of publisher, distributor, etc Regency Publications
Date of publication, distribution, etc 1994
Place of publication, distribution, etc New Delhi
270 ## - ADDRESS
Address 20/36-G, Old Market, West Patel Nagar
City New Delhi
Postal code 110008
300 ## - PHYSICAL DESCRIPTION
Extent vii,167p.
Dimensions 20cm(Hb)
500 ## - GENERAL NOTE
General note Includes bibliographical references
650 ## - SUBJECT ADDED ENTRY--TOPICAL TERM
Topical term or geographic name as entry element Social conditions
9 (RLIN) 1609
650 ## - SUBJECT ADDED ENTRY--TOPICAL TERM
Topical term or geographic name as entry element Social problems -- India
9 (RLIN) 27264
942 ## - ADDED ENTRY ELEMENTS (KOHA)
Source of classification or shelving scheme Dewey Decimal Classification
Koha item type English Books
Classification part 361.1
Call number suffix BHA
Holdings
Withdrawn status Lost status Damaged status Not for loan Home library Current library Date acquired Source of acquisition Cost, normal purchase price Total Checkouts Full call number Barcode Date last seen Date checked out Copy number Cost, replacement price Price effective from Koha item type
        Central Library Central Library 07/07/2015 Cen Lib/Ret 0.00 2 361.1 BHA A-792680 01/06/2019 08/05/2019 1 0.00 07/07/2015 English Books

© Delhi Public Library
Hit Counter
free hit counter